000 00969nam a2200265Ia 4500
001 Para_10041
003 CHAP
008 220125sNovi xx 000 0 und d
010 _a208693
040 _cCHAP
090 _aPA CD - TESIS 122
100 _aHuerta Ocegueda, Juan Valentín
_956693
245 _aReproducción de Macrocheles muscaedomesticae (Scopoli) con fines de control de mosca de establo (Stomoxys calcitrans L.) /
_c Juan valentín Huerta Ocegueda; Director Ma. del Carmen Sánchez Gálvez
260 _aChapingo, Méx. :
_b el autor
300 _a1 CDS ROM (64 p.)
502 _aTesis (Ing. Agr. Esp. en Parasitología Agrícola). UACh. Departamento Parasitología Agrícola
710 _aUACh. Departamento Parasitología Agrícola
_9164025
901 _aPA CD - TESIS 122
902 _aM
905 _a513220Noviembre, 2011 an 8100000000 06
910 _aNovi
942 _cPARA
942 _cPARA
_d2
999 _c208693
_d208693